LEADER 01422oam 2200421 450 001 9910713584003321 005 20200521103958.0 035 $a(CKB)5470000002501820 035 $a(OCoLC)1154033493 035 $a(EXLCZ)995470000002501820 100 $a20200512d2020 ua 0 101 0 $aeng 135 $aurmn||||||||| 181 $ctxt$2rdacontent 182 $cc$2rdamedia 183 $acr$2rdacarrier 200 14$aThe impact of COVID-19 on civil-military relations /$fC. Anthony Pfaff 210 1$a[Carlisle Barracks, Pa.] :$cStrategic Studies Institute, United States Army War College,$d2020. 215 $a1 online resource (7 unnumbered pages) 300 $a"May 12, 2020." 320 $aIncludes bibliographical references. 517 1 $aSpecial commentary 606 $aCOVID-19 (Disease)$zUnited States 606 $aCivil-military relations$zUnited States 606 $aHuman security$zUnited States 607 $aUnited States$xArmed Forces$xOperations other than war 615 0$aCOVID-19 (Disease) 615 0$aCivil-military relations 615 0$aHuman security 700 $aPfaff$b C. Anthony$01395295 712 02$aArmy War College (U.S.).$bStrategic Studies Institute, 801 0$bGPO 801 1$bGPO 801 2$bGPO 906 $aBOOK 912 $a9910713584003321 996 $aThe impact of COVID-19 on civil-military relations$93520347 997 $aUNINA